R. Gupta's popular master guide health insspector / malaria inspector recruitment exam (Record no. 3294)

MARC details
000 -LEADER
fixed length control field 00869 a2200193 4500
010 ## - LIBRARY OF CONGRESS CONTROL NUMBER
LC control number ENG-85695
020 ## - INTERNATIONAL STANDARD BOOK NUMBER
Terms of availability 170.00
035 ## - SYSTEM CONTROL NUMBER
System control number EN-69228
037 ## - SOURCE OF ACQUISITION
Source of stock number/acquisition D.B.Act / Pub
082 14 - DEWEY DECIMAL CLASSIFICATION NUMBER
Classification number 000
090 ## - LOCALLY ASSIGNED LC-TYPE CALL NUMBER (OCLC); LOCAL CALL NUMBER (OCLC)
-- 3361
-- 3361
100 1# - MAIN ENTRY--PERSONAL NAME
Personal name Pandey, Ravindra
245 1# - TITLE STATEMENT
Title R. Gupta's popular master guide health insspector / malaria inspector recruitment exam
Statement of responsibility, etc by Ravindra Pandey
Remainder of title examination conducted by Railway recruitment, DSSSB, MCD, NDMC, BMC, Cantonment Boards, and other major hospitals of India
260 ## - PUBLICATION, DISTRIBUTION, ETC. (IMPRINT)
Place of publication, distribution, etc New Delhi
Name of publisher, distributor, etc Ramesh Publishing House
Date of publication, distribution, etc 2008
270 ## - ADDRESS
Address 12-H, New Darya Ganj Road, Opp. Traffic Kotwali
City New Delhi
State or province Delhi :
Postal code 110002
Telephone number 23261647
Fax number 23275124
Electronic mail address info@rameshpublishinghouse.com
300 ## - PHYSICAL DESCRIPTION
Extent various pagings
Dimensions 23 cm (pbk)
942 ## - ADDED ENTRY ELEMENTS (KOHA)
Institution code [OBSOLETE] dpl
Koha item type English Books
Call number prefix 000 / PAN
Holdings
Withdrawn status Lost status Source of classification or shelving scheme Damaged status Not for loan Collection code Home library Current library Source of acquisition Cost, normal purchase price Total Checkouts Full call number Barcode Date last seen Copy number Uniform Resource Identifier Cost, replacement price Price effective from Koha item type
    Dewey Decimal Classification   Not For Loan Non-fiction D.B.Act.Division D.B.Act.Division DBAD/PUB 170.00   000 PAN EN-69228 15/09/2008 1 3508 170.00 15/09/2008 English Books

© Delhi Public Library
Hit Counter
free hit counter